000 00401nam a2200169Ia 4500
008 230524s9999 xx 000 0 und d
020 _a9812406204
082 _a621.3821
_bHHI
100 _aSteve White
_95476
245 0 _aDigital Signal Processing
250 _a1ST
260 _aNEW DELHI
_bVikas
_c2002
300 _a234
500 _aQuantity Number: 1
650 _aElectronics
942 _cBK
999 _c7860
_d7860